00921nas a2200277 4500001001300000003000900013005001700022007000300039008003400042040005400076041000900130072000800139100002600147100002300173100002000196100002000216100001800236245019600254650003000450650000900480650001700489650001500506650002200521650001600543773008400559BR2013000489BR-BrBNA20231205121819.0ta230509b bl.|||p| |||| 00| 00por d aBR-BrBNAbporcBiblioteca Nacional de Agricultura a(En) aF701 aMedeiros, M.C.M.P. de1 aMattos, I.F. de A.1 aKanashiro, M.M.1 aTamashiro, J.Y.1 aAidar, M.P.M.1 aVegetation mapping in an area of Ombrophilous Dense Forest at Parque Estadual da Serra do Mar, São Paulo State, Brazil, and floristic composition of the tree component of some physiognomies aCOMPOSIÇÃO BOTÂNICA aMAPA aLEVANTAMENTO aFOTOGRAFIA aTAXONOMIA VEGETAL aSÃO PAULO0 tHoehnea (Brazil)xISSN 0073-2877g(Jun 2012), v. 39(2) p. 219-233wBR2013000489